Name That Witch Quiz Stats

 Plays Quiz Updated Oct 21, 2015

Challenge
Share
Tweet
Score 0/18 Timer 08:00
2 Plays Today
% Correct
Harry Potter and the Deathly Hallows: Part I
96.2%
The Wizard of Oz
95.6%
The Little Mermaid
90%
Snow White and the Seven Dwarfs
88.6%
Sabrina, the Teenage Witch
86.1%
Bewitched
84.2%
Charmed
74.5%
The Chronicles of Narnia: The Lion, the Witch, and the Wardrobe
74.2%
Buffy the Vampire Slayer
70.4%
% Correct
Hocus Pocus
70.4%
Enchanted
59.7%
Once Upon a Time
58.6%
Macbeth
46.5%
The Sword in the Stone
44.4%
The Witches
44.4%
The Nightmare Before Christmas
38.9%
Practical Magic
38.9%
The Black Cauldron
16.5%

You're not logged in!

Compare scores with friends on all Sporcle quizzes.
OR
Log In

You Might Also Like...

Show Comments

Extras

Top Quizzes Today


Score Distribution

Your Account Isn't Verified!

In order to create a playlist on Sporcle, you need to verify the email address you used during registration. Go to your Sporcle Settings to finish the process.

Report this User

Report this user for behavior that violates our Community Guidelines.

Details: